Fearless (Lyrics)- Taylor Swift - Statistics

General Stats
  • This quiz has been taken 64 times
  • The average score is 280 of 313
Answer Stats
Answer % Correct
fearless
100%
I
100%
a
98%
me
98%
my
98%
My
98%
the
98%
The
98%
you
98%
You
98%
And
95%
and
95%
first
95%
get
95%
hand
95%
head
95%
In
95%
in
95%
it
95%
know
93%
so
93%
So
93%
take
93%
than
93%
way
93%
your
93%
better
91%
don't
91%
gets
91%
how
91%
it's
91%
It's
91%
something
91%
there
91%
this
91%
we
91%
when
91%
best
89%
'bout
89%
But
89%
but
89%
dress
89%
I'm
89%
just
89%
Oh
89%
oh
89%
on
89%
storm
89%
There's
89%
to
89%
with
89%
you're
89%
drag
86%
not
86%
now
86%
rained
86%
why
86%
dance
84%
I'd
84%
looks
84%
of
84%
one
84%
road
84%
run
84%
street
84%
ask
82%
drive
82%
hair
82%
hands
82%
if
82%
middle
82%
town
82%
walk
82%
want
82%
yeah
82%
baby
80%
car
80%
caught
80%
cool
80%
down
80%
lot
80%
making
80%
parking
80%
right
80%
seat
80%
stay
80%
through
80%
up
80%
wanna
80%
'Cause
77%
glow
77%
hard
77%
here
77%
out
77%
pavement
77%
put
77%
slow
77%
trying
77%
We're
77%
capture
75%
driving
75%
eyes
75%
horse
75%
kiss
75%
little
75%
more
75%
pull
75%
absentmindedly
73%
moment
73%
off
73%
remember
73%
'til
73%
wonder
73%
flawless
70%
really
70%
usually
68%
passenger's
64%
shake
64%
stood
64%
doorway
59%
brave
57%
Well
48%
No matching quizzes found
Score Distribution
Percent of People with Each Score
Percentile by Number Answered
Your Score History
You have not taken this quiz